| 000 | 00633nam a22002297a 4500 | ||
|---|---|---|---|
| 003 | BCEG | ||
| 005 | 20260317163255.0 | ||
| 008 | 260317r20152013mx |||||||||||||||f|spa|d | ||
| 020 | _a9786071137104 | ||
| 040 |
_aBCEG _bspa _cBCEG |
||
| 082 | 0 | 4 |
_a813.54 _bM148i |
| 100 | 1 |
_aMcGuire, Jamie, _d1978-. |
|
| 245 | 1 | 0 | _aInevitable desastre. |
| 260 |
_aMéxico : _bPenguin Random House, _c2013 (reimpresión 2015). |
||
| 300 | _a467 p. | ||
| 490 | _aSuma de Letras. | ||
| 534 |
_pTítulo original: _tWalking disaster. |
||
| 541 | _aDonación. | ||
| 650 | 1 | 4 | _aNovela estadounidense. |
| 700 | 1 |
_aAlquézar, Julia, _etr. |
|
| 942 | _cBK | ||
| 999 |
_c437105 _d437105 |
||